Nalaganje...
Undressing cinema clothing and identity in the movies
| Glavni avtor: | |
|---|---|
| Format: | Printed Book |
| Izdano: |
London:
Routledge;
1997.
|
| LEADER | 00476nam a22001337a 4500 | ||
|---|---|---|---|
| 020 | |a 0415139570 | ||
| 082 | |a 791.43655 |b BRU/U | ||
| 100 | |a Bruzzi, Stella | ||
| 245 | |a Undressing cinema |b clothing and identity in the movies | ||
| 260 | |a London: |b Routledge; |c 1997. | ||
| 300 | |a 226p.: | ||
| 942 | |2 ddc |c BK | ||
| 999 | |c 148420 |d 148420 | ||
| 952 | |0 0 |1 0 |4 0 |6 791_436550000000000_BRU_U |7 0 |9 158458 |a MCJ |b MCJ |c ST1 |d 2011-06-29 |i 1618 |l 1 |m 1 |o 791.43655 BRU/U |p MCJ1618 |r 2013-02-05 |s 2012-05-08 |w 2011-06-29 |y BK | ||